| 000 | 00878nam a2200205Ia 4500 | ||
|---|---|---|---|
| 999 |
_c52415 _d52415 |
||
| 001 | 19436 | ||
| 003 | GE_BSU | ||
| 005 | 20241101155554.0 | ||
| 008 | 181216s1938||||ge |||||||||||||| ||geo|| | ||
| 040 | _cGE_BSU | ||
| 041 | _ageo | ||
| 080 | _a81'(063) ი-31 | ||
| 245 |
_aიბერიულ-კავკასიური ენათმეცნიერება = иберийско - кавказкое языкознание = ibero-caucasian linguistics / _cრედ. არნ. ჩიქობავა. _bტ. II / |
||
| 264 |
_aთბილისი : _bსაქ. სსრ მეცნ. აკად. გამ–ბა, _c1948. |
||
| 300 |
_a276 გვ. ; _c24 სმ. |
||
| 541 | _h8ლ. | ||
| 653 | _aკავკასიური ენები | ||
| 700 |
_aჩიქობავა, არნ. _eრედაქტორი _97708 |
||
| 942 |
_cBK _2udc |
||